00729cam a22002171a 4500001001300000003000400013005001700017008004100034010001700075035001900092040003100111042001200142043001200154050001400166100001900180245017300199260005500372300004200427651002500469999001700494rc 01000198 DLC20260227111859.0751008s1891 nyuac 000 0deng  arc 01000198  a(OCoLC)1687045 aDLCcNmPEdNmPEdMnHidDLC apremarc an-us-nm00aF796b.H21 aHaines, Helen.10aHistory of New Mexico :bfrom the Spanish conquest to the present time, 1530-1890 : with portraits and biographical sketches of its prominent people /cby Helen Haines. aNew York :bNew Mexico Historical Pub. Co.,c1891. axix, 631 p. :bill., ports. ;c24 cm. 0aNew MexicoxHistory. c51749d51749